000 00686nam a2200205 i 4500
001 50040
003 ES-MaACL
005 20250804174450.0
007 t|
008 030729s1974 sp ||||1| spa d
245 0 0 _aCrisis y crítica en el cristianismo /
_cGünther Schiwy ... [et al.] ; [versión Gumersindo Lorenzo].
260 _a[Bilbao] :
_bDesclée de Brouwer,
_c[1974]
300 _a149 p. ;
_c18 cm.
490 1 _aPensamiento cristiano y diálogo
700 1 _aSchiwy, Günther.
_9187157
700 1 _aLorenzo Salas, Gumersindo,
_d1931-
_974195
830 0 _aPensamiento cristiano y diálogo
_9183295
852 _aES-MaACL
_jE-7147
_bR.91575
999 _c50040
_d50040